Adivina marcas de yerba mate - Estadísticas

Estadísticas generales
  • Esta prueba ha sido intentada 75 veces
  • La puntuación promedio es 13 de 20
Estadísticas de respuestas
Imagen Respuesta % Correcto
Rosamonte
94%
Taragüi
94%
Unión
90%
Amanda
86%
Nobleza Gaucha
86%
Playadito
83%
CBSé
81%
La Tranquera
81%
Mañanita
73%
Chamigo
71%
Cruz De Malta
71%
Piporé
70%
La Merced
67%
Verdeflor
59%
Cachamate
56%
Canarias
51%
Baldo
40%
La Cumbrecita
24%
Don Omar
11%
Kalena
6%
No se encontraron pruebas coincidentes
Distribución de puntuación
Porcentaje de gente con cada puntuación
Porcentaje por número respondido
Historial de tus puntuaciones
No has intentado esta prueba.